000 00504nam a2200181Ia 4500
999 _c14074
_d14074
003 OSt
005 20201028111045.0
008 190216s9999||||xx |||||||||||||| ||und||
020 _a0140177078
040 _coclc
082 _a823.9
_bGOR/O
100 _aGordimer, Nadine
_96129
245 0 _aOccasion For Loving /
_cNadine Gordimer
260 _bPenguin Books,
_c1963.
_aengland:
300 _a288p
650 _aEnglish Novel
942 _cBK
_2ddc
_h823.9
_iGOR/O
_k823.9
_mGOR/O